| 000 | 00778nam a22002177a 4500 | ||
|---|---|---|---|
| 999 |
_c19174 _d19174 |
||
| 003 | AR-CdUCM | ||
| 008 | 190319b ||||| |||| 00| 0 spa d | ||
| 020 | _a8424156056 | ||
| 040 |
_aMUNICIPALIDAD PROVINCIAL DEL CUSCO _cBIBLIOTECA MUNICIPAL DEL CUSCO |
||
| 082 |
_a573 / _bA78 |
||
| 100 |
_aArtero García, José María _919711 |
||
| 245 | _aIntroducción al estudio de hombre / | ||
| 260 |
_aMadrid ; _bEverest, _c1981. |
||
| 300 |
_a167 paginas ; _bIIustraciones, _c25 cm. |
||
| 505 | _aContenido : Introducción a la fisiología humana - Los tejidos animales -- Las funciones del ser vivo -- Metabolismo... | ||
| 650 |
_aFisiología humana _932178 |
||
| 650 |
_aFunciones del ser vivo _940362 |
||
| 650 |
_aMicrobiología _920666 |
||
| 942 |
_2ddc _cLIBROS |
||
| 945 | _arcc | ||